000 00761nam a2200217Ii 4500
003 JO-AjNU
008 230605s9999||||xx |||||||||||||| ||und||
017 _a2003/5458
020 _a9959-818-17-9
040 _aJO-AjNU
_bara
_erda
_cJO-AjNU
041 _aara
050 1 4 _aQ127.A5.M75 2003
100 3 _aالمفتي ، محمد محمد ؛ مراجعة منصور محمد البابور البابور,
_eauthor
_935639
245 0 0 _aتوطين العلم والتقنية الطموح والواقع
264 3 1 _aبنغازي:دار الكتب الوطنية ، 2003
300 _a268ص
336 _atext
_btxt
_2rdacontent
337 _aunmediated
_bn
_2rdamedia
338 _avolume
_bnc
_2rdacarrier
650 4 _aالعلم- فلسفة
_935640
999 _aA14733
_c18301
_d18301